International Review of Research in Emerging Markets and the Global Economy

Gespeichert in:
Bibliographische Detailangaben
Format: Schriftenreihe
Sprache:Englisch
Veröffentlicht: Dubai J. A. Alpha Business Research & Publishers
Tags: Tag hinzufügen
Keine Tags, Fügen Sie das erste Tag hinzu!

MARC

LEADER 00000nas1a2200000 4500
001 0248942
005 20230324132109.5
022 |a 2311-3200 
041 0 |a eng 
044 |a AE 
245 1 0 |a International Review of Research in Emerging Markets and the Global Economy 
264 1 |a Dubai  |b J. A. Alpha Business Research & Publishers